书目信息 |
| 题名: |
价值论
|
|
| 作者: | 李德顺 著 | |
| 分册: | ||
| 出版信息: | 北京 中国人民大学出版社 1987 |
|
| 页数: | 470页 | |
| 开本: | 20cm | |
| 丛书名: | 中国人民大学丛书 | |
| 单 册: | ||
| 中图分类: | B018 | |
| 科图分类: | ||
| 主题词: | 价值论(哲学) | |
| 电子资源: | ||
| ISBN: | 7-300-00148-3 | |
| 000 | 00766nam2 2200253 45 | |
| 001 | 0187001610 | |
| 005 | 20050526094741.4 | |
| 010 | @a7-300-00148-3@dCNY4.85 | |
| 100 | @a19900830d1987 emky0chiy0121 ea | |
| 101 | 0 | @achi |
| 102 | @aCN@b110000 | |
| 105 | @ay z 000yy | |
| 200 | 10 | @a价值论@Ajia zhi lun@e一种主体性的研究@EYi Zhong Zhu Ti Xing De Yan Jiu@f李德顺著@FLi De Shun Zhu |
| 210 | @a北京@c中国人民大学出版社@d1987 | |
| 215 | @a470页@d20cm | |
| 225 | 2 | @a中国人民大学丛书 |
| 410 | 0 | @120010@a中国人民大学丛书 |
| 517 | @a一种主体性的研究@AYi Zhong Zhu Ti Xing De Yan Jiu | |
| 606 | @a价值论(哲学) | |
| 690 | @aB018@v3 | |
| 701 | 0 | @a李德顺@4著 |
| 801 | 0 | @aCN@b深圳图书馆@c20050525 |
| 801 | 2 | @aCN@bNLC@c20050525 |
| 905 | @dB018@e117@b253139@f1 | |
| 价值论:一种主体性的研究/李德顺著.-北京:中国人民大学出版社,1987 |
| 470页;20cm.-(中国人民大学丛书) |
| ISBN 7-300-00148-3:CNY4.85 |
| ● |
| 相关链接 |
|
|
|
|
正题名:价值论
索取号:B018/117
 
预约/预借
| 序号 | 登录号 | 条形码 | 馆藏地/架位号 | 状态 | 备注 |
| 1 | 0253139 | 002048377 | 第一样本阅览室/ [索取号:B018/117] | 在馆 |